000 00383nam a2200157Ia 4500
008 230917s9999||||xx |||||||||||||| ||und||
040 _e182321
_aMAIN
041 _aEnglish
082 _a005.73 S23D(2)
100 _aSharma, A K
245 0 _aData structures using C
250 _a2nd ed.
260 _aNew Delhi
_bPearson Education
_c2011
300 _axi, 446 p.
942 _cBK
999 _c157310
_d157310